Up-to date world's transistors diodes- thyristors & IC's comparison tables (Record no. 182322)

000 -LEADER
fixed length control field 00640 a2200205 4500
003 - CONTROL NUMBER IDENTIFIER
control field Nust
005 - DATE AND TIME OF LATEST TRANSACTION
control field 20221202183539.0
020 ## - INTERNATIONAL STANDARD BOOK NUMBER
International Standard Book Number 8176566527
040 ## - CATALOGING SOURCE
Transcribing agency Nust
082 ## - DEWEY DECIMAL CLASSIFICATION NUMBER
Classification number 621.381528,BPB
100 ## - MAIN ENTRY--PERSONAL NAME
Personal name VRT
9 (RLIN) 104058
245 ## - TITLE STATEMENT
Title Up-to date world's transistors diodes- thyristors & IC's comparison tables
Remainder of title 1N.....60,000....U VOLUME-2 /
Statement of responsibility, etc. VRT
250 ## - EDITION STATEMENT
Edition statement new 2003 edition
260 ## - PUBLICATION, DISTRIBUTION, ETC.
Place of publication, distribution, etc. BPB Publication
Name of publisher, distributor, etc. New Delhi
Date of publication, distribution, etc. 2003
300 ## - PHYSICAL DESCRIPTION
Extent 649 p
Other physical details illus
Dimensions 24 cm
505 ## - FORMATTED CONTENTS NOTE
Formatted contents note Comparison Table Reference Table (Page-2), Pin Assignments (Page-651).
600 ## - SUBJECT ADDED ENTRY--PERSONAL NAME
Personal name VRT
9 (RLIN) 104058
650 ## - SUBJECT ADDED ENTRY--TOPICAL TERM
Topical term or geographic name entry element Telecommunication Engineering
942 ## - ADDED ENTRY ELEMENTS (KOHA)
Source of classification or shelving scheme
Koha item type Book
Holdings
Withdrawn status Lost status Source of classification or shelving scheme Damaged status Not for loan Permanent Location Current Location Shelving location Date acquired Full call number Barcode Date last seen Price effective from Koha item type Public note
          Military College of Signals (MCS) Military College of Signals (MCS) General Stacks 12/12/2016 621.381528,BPB MCS30316 12/08/2016 12/12/2016 Book Almirah No.34, Shelf No.1
© 2023 Central Library, National University of Sciences and Technology. All Rights Reserved.